| 000 -LEADER |
| fixed length control field |
00740nam a22002297a 4500 |
| 008 - FIXED-LENGTH DATA ELEMENTS--GENERAL INFORMATION |
| fixed length control field |
150604b xxu||||| |||| 00| 0 eng d |
| 020 ## - INTERNATIONAL STANDARD BOOK NUMBER |
| International Standard Book Number |
9780073515359 |
| 041 0# - LANGUAGE CODE |
| Language code of text/sound track or separate title |
eng |
| 080 ## - UNIVERSAL DECIMAL CLASSIFICATION NUMBER |
| Universal Decimal Classification number |
001 |
| 100 ## - Rafti |
| Rafti |
Easton, Thomas A. |
| 245 00 - TITLE STATEMENT |
| Title |
Taking sides |
| Statement of responsibility, etc |
selected, edited, and with introductions by Thomas A. Easton. |
| 246 30 - VARYING FORM OF TITLE |
| Title proper/short title |
Clashing views in science, technology and society |
| 246 30 - VARYING FORM OF TITLE |
| Title proper/short title |
Science, technology and society |
| 250 ## - |
| -- |
8th ed., expanded |
| 260 ## - |
| -- |
Boston : |
| -- |
McGraw-Hill Higher Education, |
| -- |
c2009. |
| 300 ## - |
| -- |
xxviii, 444 p. ; |
| -- |
24 cm. |
| 490 ## - |
| -- |
Taking sides, |
| -- |
1098-5417 |
| 650 #0 - |
| -- |
Shkencë |
| -- |
Aspektet sociale |
| 650 #0 - |
| -- |
Teknologji |
| -- |
Aspektet sociale |
| 700 1# - |
| -- |
Easton, Thomas A. |
| 942 ## - ADDED ENTRY ELEMENTS (KOHA) |
| Source of classification or shelving scheme |
|
| Item type |
Books |